Statistiques concernant Les plus grandes îles de l'Arctique avec une carte

Cliquez ici pour prendre le quiz!

Statistiques générales

  • Ce quiz a été pris 111 fois
  • Le résultat moyen est 6 sur 24

Réponses sur la Carte

Les réponses sont colorées sur une échelle allant du rouge au vert en fonction du pourcentage des utilisateurs qui les ont devinées à leur premier essai. Vous pouvez retrouver ces pourcentages ci-dessous.
 

Statistiques - réponses

île% Correct
Groenland
99%
Islande
88%
Baffin
55%
Victoria
49%
Ellesmere
41%
Spitzberg
31%
Banks
24%
Devon
17%
Melville
15%
Axel Heiberg
14%
Prince-de-Galles
14%
Severny
13%
Ioujny
12%
Révolution d'Octobre
12%
Prince Patrick
10%
Southampton
10%
Ellef Ringnes
9%
Somerset
9%
Bylot
6%
Bathurst
5%
Kotelny
5%
Roi-Guillaume
5%
Terre du Nord-Est
5%
Bolchevik
4%

Distribution des résultats

Percentile par nombre de réponses

% des personnes avec chaque résultat

Votre développement - résultats

Vous n’avez pas pris ce quiz